|
|
|
|
| LEADER |
00000nam0a2200000 4500 |
| 001 |
286916 |
| 005 |
20231101235935.0 |
| 035 |
|
|
|a (RuTPU)RU\TPU\book\311273
|
| 090 |
|
|
|a 286916
|
| 100 |
|
|
|a 20150311d1981 k y0rusy50 ca
|
| 101 |
0 |
|
|a rus
|
| 102 |
|
|
|a RU
|
| 105 |
|
|
|a a z 001zy
|
| 200 |
1 |
|
|a Околорудные метасоматиты колчеданно-полиметаллических месторождений и их поисковое значение
|f В. Б. Чекваидзе
|
| 210 |
|
|
|a Москва
|c Недра
|d 1981
|
| 215 |
|
|
|a 240 с.
|c ил.
|
| 320 |
|
|
|a Библиогр.: с. 227-239.
|
| 606 |
1 |
|
|a Медно-колчеданные месторождения
|2 stltpush
|3 (RuTPU)RU\TPU\subj\41813
|9 61590
|
| 610 |
1 |
|
|a полиметаллические руды
|
| 610 |
1 |
|
|a поиск
|
| 610 |
1 |
|
|a разведка
|
| 610 |
1 |
|
|a метасоматиты
|
| 610 |
1 |
|
|a метасоматические породы
|
| 610 |
1 |
|
|a околорудные метасоматиты
|
| 610 |
1 |
|
|a минеральный состав
|
| 610 |
1 |
|
|a минеролого-геохимические особенности
|
| 610 |
1 |
|
|a химический состав
|
| 610 |
1 |
|
|a зональность
|
| 675 |
|
|
|a 553.435
|v 3
|
| 700 |
|
1 |
|a Чекваидзе
|b В. Б.
|g Виктор Борисович
|
| 801 |
|
1 |
|a RU
|b 63413507
|c 20150311
|
| 801 |
|
2 |
|a RU
|b 63413507
|c 20151121
|g RCR
|
| 942 |
|
|
|c BK
|